Statystyki dla Cytaty polskich polityków

Kliknij tutaj aby rozwiązać quiz!

Ogólne statystyki

  • Ten quiz został rozwiązany 41 razy
  • Średni wynik to 3 z 15

Statystyki odpowiedzi

CytacikOdpowiedź% Poprawnych
"Spieprzaj, dziadu!"Lech Kaczyński
89%
"Po wyborach ktoś straci wiarygodność. Ja, jeżeli Konfederacja wejdzie w koalicję z PiS lub ci wszyscy dziennikarze, politycy, komentatorzy oraz masa płatnych trolli i hejterów, jeżeli tego nie zrobimy. Jakoś jestem spokojny o rezultat."Sławomir Mentzen
68%
"Różnica między Polską a Stanami polega jednak na tym, że oni swoich Czerwonych przechowują w rezerwatach – a my w parlamentach…"Janusz Korwin Mikke
36%
"Ja z pewną przykrością stwierdzam, że na sali wśród posłów Lewicy i PO są posłowie, którzy mają maseczki ze znakami do złudzenia przypominającymi symbole Hitlerjugend i SS. Ale rozumiem, że opozycja totalna nawiązuje do totalitarnych wzorów i z przykrością to przyjmujemy."Ryszard Terlecki
29%
"Bardzo źle. Ja nie lubię dzieci, a pani mi kazała włożyć strój pedofila."Jerzy Urban
25%
"Nie można gospodarki napełnić jak gąbki pieniądzem. Trzeba mozolnie budować zaufanie do pieniądza. Nikt nie przegrał na mocnym pieniądzu, zawsze się przegrywa na inflacji i ludzie to rozumieją."Leszek Balcerowicz
21%
"Chcemy, by zmiana, która wisi w powietrzu, miała twarz Donalda Tuska."Jan Rokita
14%
"Bracia Kaczyńscy są nie tylko z tej samej partii, ale z tego samego jaja."Leszek Miller
14%
"Posłuchaj mnie, niemądry człowieku, co mam do powiedzenia, nie przekrzykuj. Po raz pierwszy może posłuchaj jakichś informacji, bo są to informacje istotne."Mariusz Kamiński
7%
"Stoję w rozkroku, bo tak chcę! Chcę działać na rzecz Kwaśniewskiego i Millera, chcę do nas przyciągać ludzi lewicy z różnych stron."Ryszard Kalisz
7%
"Dziś w nocy grupa zamaskowanych osób dokonała aktu wandalizmu na budynku, który zajmuje szczególne miejsce w naszej historii. Barbarzyńcy, idioci, zrobili to z pełną premedytacją, to była zaplanowana akcja."Dariusz Piontkowski
4%
"Watykan to z jednej strony świat zamknięty, niedostępny, żyjący swoim rytmem. Z drugiej jednak są tam normalni ludzie. Jednych się lubi bardziej, innych mniej."Hanna Suchocka
4%
"Nie mam przekonania, że Polacy są słabsi. Jedyna dziedzina, gdzie jesteśmy absolutnymi debilami, to piłka nożna."Jan Krzysztof Bielecki
4%
"Polska pokazała, że można wejść na drogę niepodległości. Gorbaczow nam nie przeszkadzał. Lecz w ZSRR były także inne siły, a w Polsce istniał cały dotychczasowy aparat bezpieczeństwa, milicja i przede wszystkim wojsko. Istotną rolą Jaruzelskiego było to, że on rząd Mazowieckiego podtrzymywał. Początkowo jednak nie byłem wcale pewien, że któregoś dnia rząd nie zostanie internowany i skończy się polski eksperyment."Krzysztof Skubiszewski
4%
"Trudniej obalić pół litra niż obalić rząd."Marian Krzaklewski
4%

Rozkład punktacji

Percentyl według liczby udzielonych odpowiedzi

Procent ludzi z każdym wynikiem

Twoja historia wyników

Nie rozwiązałeś tego quizu